LIBRARY & INFORMATION CENTRE, KCAET, TAVANUR

ONLINE PUBLIC ACCESS CATALOGUE (OPAC)

Spices, Vol 2 / (Record no. 355)

MARC details
000 -LEADER
fixed length control field 00636cam a2200253ua 4500
020 ## - INTERNATIONAL STANDARD BOOK NUMBER
ISBN 0-582-46342-4
041 ## - LANGUAGE CODE
Language code of text/sound track or separate title eng
082 ## - DEWEY DECIMAL CLASSIFICATION NUMBER
Classification number 633.83
Item number PUR/SP
100 ## - MAIN ENTRY--AUTHOR NAME
Personal name Purseglove, J W.
245 ## - TITLE STATEMENT
Title Spices, Vol 2 /
250 ## - EDITION STATEMENT
Edition statement 2 /
260 ## - PUBLICATION, DISTRIBUTION, ETC. (IMPRINT)
Place of publication London :
Name of publisher Longman ,
Year of publication 1988.
300 ## - PHYSICAL DESCRIPTION
Number of Pages 813 ; .
490 0# - SERIES STATEMENT
Series statement Tropical agriculure series,
Volume number/sequential designation
500 ## - GENERAL NOTE
General note ** Reference
700 1# - ADDED ENTRY--PERSONAL NAME
Personal name Brown, E G.
700 1# - ADDED ENTRY--PERSONAL NAME
Personal name Green, C L.
700 1# - ADDED ENTRY--PERSONAL NAME
Personal name Robbins, S R J.
942 ## - ADDED ENTRY ELEMENTS (KOHA)
Koha item type Books
Holdings
Withdrawn status Lost status Damaged status Home library Current library Date acquired Full call number Accession Number Koha item type Collection code Shelving location
      KAUAET KAUAET 31/05/1989 633.83 16516 Books    
      KAUAET KAUAET 29/08/2022 633.83 PUR/SP 16524 Books General Books General Stacks
free website counter